000 00335cam a2200157ua 4500
001 772
008 131120n II |||gr||||Z||||||asm
040 _aMAIN
041 _aEnglish
082 _a891.454 BAR
100 _aBARUAH, DUTTA.
245 _aLABA KUSHAR JUDDHA (Play)
300 _c18CM.
653 _aAsomiya Natak
942 _cBK
999 _c772
_d772